000 00840nam a2200277Ia 4500
003 OSt
005 20220912144916.0
006 a|||||r|||| 00| 0
007 ta
008 220909b |||||||| |||| 00| 0 eng d
020 _a9781604561753 (hbd)
024 _a82914
037 _b1616, 15/12/2008, New India Book Agency
037 _cTextual
040 _aCSL
_beng
_cCSL
041 _aeng
082 _aB28:f, P8
100 _aAhsanullah M Ed.
245 0 _aNew developments in applied statistics research
260 _aNew York
_bNova Science Publishers
_c2008
300 _aix, 204p.
_ccm.
500 _aIncludes bibliographical references.; Index 201-204p
650 _aStatistics
942 _hB28:f, P8
_cTEXL
_2CC
999 _c18870
_d18870